Animal Alphabet 5 - Statistics

General Stats
  • This quiz has been taken 37 times
  • The average score is 22 of 26
Answer Stats
Picture Hint Answer % Correct
A Alligator
96%
B Bear
96%
C Cheetah
96%
D Dolphin
96%
E Elephant
96%
F Fox
96%
G Giraffe
96%
H Hyena
96%
I Iguana
92%
J Jaguar
92%
K Kangaroo
92%
L Lion
92%
P Panda
92%
N Narwhal
88%
O Octopus
88%
S Shark
88%
T Tiger
88%
W Whale
88%
Z Zebra
88%
Y Yak
84%
Q Quail
80%
R Rhinoceros
76%
V Viper
76%
X X-Ray Fish
60%
M Mongoose
56%
U Urial
48%
No matching quizzes found
Score Distribution
Percent of People with Each Score
Percentile by Number Answered
Your Score History
You have not taken this quiz